| 000 | 01167cam a22003615a 4500 | ||
|---|---|---|---|
| 999 |
_c10270 _d10270 |
||
| 001 | 12517390 | ||
| 003 | EG-ScBUE | ||
| 005 | 20201128013438.0 | ||
| 008 | 010828t2002 maua f 001 0 eng d | ||
| 020 | _a9780030339943 | ||
| 020 | _a0330339944 | ||
| 040 |
_aDLC _beng _erda _cDLC _dDLC _dEG-ScBUE |
||
| 082 | 0 | 4 |
_a428.432 _bZUK _222 |
| 100 | 1 |
_aZukowski-Faust, Jean, _eauthor. _9997 |
|
| 245 | 1 | 0 |
_aSteps to academic reading. _n5, _pBetween the lines / _cJean Zukowski-Faust, Susan S. Johnston. |
| 246 | 3 | 0 | _aBetween the lines |
| 250 | _aThird edition. | ||
| 264 | 1 |
_aBoston, Massachusetts : _bThomson Heinle, _c[2002] |
|
| 264 | 4 | _cc 2002 | |
| 300 |
_a342 pages ; _billustrations ; _c24 cm |
||
| 336 |
_2rdacontent _atext _btxt |
||
| 337 |
_2rdamedia _aunmediated _bn |
||
| 338 |
_2rdacarrier _avolume _bnc |
||
| 500 | _aIncludes index. | ||
| 590 | _ashefaa ibrahem | ||
| 650 | 7 |
_943 _aEnglish language _vTextbooks for foreign speakers. _2BUEsh |
|
| 650 | 7 |
_aReading comprehension. _2BUEsh |
|
| 653 |
_bHHUUEENN _cJuly2019 |
||
| 655 |
_vReading book _934232 |
||
| 700 | 1 |
_aJohnston, Susan S, _eauthor. _91003 |
|
| 942 |
_2ddc _cBB |
||